[Event "Oberliga Ost-A 1213"]
[Site "Germany"]
[Date "2012.11.11"]
[Round "3.4"]
[White "Schirrmeister, Ralf"]
[Black "Geiling, Christian"]
[Result "0-1"]
[WhiteElo "2200"]
[BlackElo "2212"]
[PlyCount "76"]
[EventDate "2012.10.14"]
[EventType "team-tourn"]
[EventRounds "11"]
[EventCountry "GER"]
[SourceTitle "EXT 2014"]
[Source "ChessBase"]
[SourceDate "2013.11.20"]
[SourceVersion "1"]
[SourceVersionDate "2013.11.20"]
[SourceQuality "1"]
[WhiteTeam "Leipzig SG III"]
[BlackTeam "Leipzig VfB"]
[WhiteTeamCountry "GER"]
[BlackTeamCountry "GER"]

1. Nf3 c5 2. b3 Nf6 3. Bb2 e6 4. e3 b6 5. Be2 Bb7 6. 0-0 Be7 7. c4 d6 8. Nc3 Nbd7 9. d3 a6 10. Qd2 Qc7 11. Ne1 g5 12. f4 g4 13. e4 h5 14. Nc2 Rg8 15. a3 h4 16. b4 h3 17. g3 0-0-0 18. Ne3 Nb8 19. b5 a5 20. Qd1 Nbd7 21. Nxg4 d5 22. cxd5 exd5 23. Nxf6 Nxf6 24. e5 Nd7 25. Bf3 Nf8 26. Bg4+ Kb8 27. Bxh3 d4 28. Na4 Ng6 29. Rf2 f6 30. Bc1 fxe5 31. fxe5 Nxe5 32. Bf4 Bd6 33. Bg2 Ng4 34. Raa2 Bxf4 35. Rxf4 Ne3 36. Qe1 Bxg2 37. Rxg2 Qxf4 38. Nxc5 bxc5 0-1

[Event "Oberliga Ost-A 1213"]
[Site "Germany"]
[Date "2012.11.10"]
[Round "2.5"]
[White "Schirrmeister, Ralf"]
[Black "Selle, Thomas"]
[Result "1/2-1/2"]
[WhiteElo "2200"]
[BlackElo "2093"]
[PlyCount "67"]
[EventDate "2012.10.14"]
[EventType "team-tourn"]
[EventRounds "11"]
[EventCountry "GER"]
[SourceTitle "EXT 2014"]
[Source "ChessBase"]
[SourceDate "2013.11.20"]
[SourceVersion "1"]
[SourceVersionDate "2013.11.20"]
[SourceQuality "1"]
[WhiteTeam "Leipzig SG III"]
[BlackTeam "Dessau"]
[WhiteTeamCountry "GER"]
[BlackTeamCountry "GER"]

1. Nf3 Nf6 2. b3 g6 3. Bb2 Bg7 4. g3 0-0 5. Bg2 d6 6. d4 c6 7. 0-0 Bf5 8. c4 Qc8 9. Re1 Na6 10. Nc3 Nb4 11. e4 Bh3 12. a3 Na6 13. e5 Bxg2 14. Kxg2 Nd7 15. Qe2 dxe5 16. dxe5 Ndc5 17. b4 Ne6 18. h4 h5 19. Qe4 Bh6 20. Bc1 Bxc1 21. Raxc1 Rd8 22. Rcd1 Nac7 23. Rxd8+ Qxd8 24. Rd1 Qe8 25. g4 hxg4 26. Qxg4 Rd8 27. h5 Rxd1 28. Nxd1 Kg7 29. Ne3 Qh8 30. hxg6 fxg6 31. Nf5+ Kf7 32. N5d4 Qh5 33. Qe4 Nxd4 34. Nxd4 1/2-1/2

[Event "Oberliga Ost-A 1112"]
[Site "Germany"]
[Date "2012.03.18"]
[Round "9.4"]
[White "Schirrmeister, Ralf"]
[Black "Matthey, Harald"]
[Result "0-1"]
[WhiteElo "2225"]
[BlackElo "2192"]
[PlyCount "44"]
[EventDate "2011.09.25"]
[EventType "team-tourn"]
[EventRounds "11"]
[EventCountry "GER"]
[SourceTitle "EXT 2013"]
[Source "ChessBase"]
[SourceDate "2012.11.22"]
[SourceVersion "1"]
[SourceVersionDate "2012.11.22"]
[SourceQuality "1"]
[WhiteTeam "Leipzig SG II"]
[BlackTeam "Loeberitz"]
[WhiteTeamCountry "GER"]
[BlackTeamCountry "GER"]

1. Nf3 g6 2. e4 c5 3. d4 cxd4 4. Qxd4 Nf6 5. e5 Nc6 6. Qa4 Nd5 7. Qe4 Nb6 8. Bd3 Bg7 9. Nc3 0-0 10. 0-0 d5 11. exd6 exd6 12. Qh4 Ne5 13. Qg3 Bd7 14. Rd1 Qe7 15. Be2 Rfe8 16. Nd4 Rac8 17. Bg5 f6 18. Bc1 f5 19. Bg5 Bf6 20. Bxf6 Qxf6 21. f4 Nec4 22. Ndb5 Bxb5 0-1

[Event "Oberliga Ost-A 1112"]
[Site "Germany"]
[Date "2011.09.25"]
[Round "1.4"]
[White "Schirrmeister, Ralf"]
[Black "Liedtke, Matthias"]
[Result "0-1"]
[WhiteElo "2225"]
[BlackElo "2288"]
[PlyCount "86"]
[EventDate "2011.09.25"]
[EventType "team-tourn"]
[EventRounds "11"]
[EventCountry "GER"]
[SourceTitle "EXT 2013"]
[Source "ChessBase"]
[SourceDate "2012.11.22"]
[SourceVersion "1"]
[SourceVersionDate "2012.11.22"]
[SourceQuality "1"]
[WhiteTeam "Leipzig SG II"]
[BlackTeam "Leipzig SG III"]
[WhiteTeamCountry "GER"]
[BlackTeamCountry "GER"]

1. Nf3 Nf6 2. b3 g6 3. Bb2 Bg7 4. g3 0-0 5. Bg2 a5 6. c4 a4 7. b4 c6 8. 0-0 d5 9. d3 dxc4 10. dxc4 Nbd7 11. a3 Nb6 12. c5 Nc4 13. Bc3 Be6 14. Ng5 Qxd1 15. Rxd1 Rad8 16. Re1 Bc8 17. e4 Ng4 18. Bxg7 Kxg7 19. Nc3 Rd3 20. Nxa4 Nxa3 21. Rec1 Nb5 22. Rd1 Rb3 23. Rdb1 Rxb1+ 24. Rxb1 h6 25. Nf3 Rd8 26. e5 Nd4 27. Nxd4 Rxd4 28. Nb6 Bf5 29. Re1 Nxe5 30. f4 Nd7 31. Rxe7 Kf6 32. Rxd7 Bxd7 33. b5 Ke7 34. bxc6 Bxc6 35. Bf1 Rd1 36. Kf2 Rc1 37. Bc4 Rc2+ 38. Ke3 Rxh2 39. Nc8+ Kf8 40. Nd6 f5 41. Nf7 Rg2 42. Ne5 Rxg3+ 43. Kd4 h5 0-1

[Event "Oberliga Ost-A 1011"]
[Site "Germany"]
[Date "2011.02.05"]
[Round "6.1"]
[White "Schirrmeister, Ralf"]
[Black "Klawa, Patrick"]
[Result "1-0"]
[WhiteElo "2234"]
[BlackElo "2257"]
[PlyCount "123"]
[EventDate "2010.10.24"]
[EventType "team-tourn"]
[EventRounds "11"]
[EventCountry "GER"]
[SourceTitle "EXT 2012"]
[Source "ChessBase"]
[SourceDate "2011.11.24"]
[SourceVersion "1"]
[SourceVersionDate "2011.11.24"]
[SourceQuality "1"]
[WhiteTeam "Leipzig Lok"]
[BlackTeam "Coswig"]
[WhiteTeamCountry "GER"]
[BlackTeamCountry "GER"]

1. Nf3 g6 2. e4 Bg7 3. d4 d6 4. Be2 Nf6 5. Nc3 0-0 6. 0-0 c6 7. a4 Nbd7 8. h3 Qc7 9. Be3 e5 10. dxe5 dxe5 11. Qd2 Re8 12. Rad1 a6 13. Bh6 Nc5 14. Bxg7 Kxg7 15. Qe3 Ne6 16. Rfe1 b5 17. axb5 axb5 18. b4 Bb7 19. Bf1 Qe7 20. Rb1 Nd7 21. Nd1 f6 22. h4 Ra4 23. c3 Rea8 24. Rb2 Nc7 25. h5 g5 26. Qd2 Nf8 27. Ne3 Bc8 28. Rd1 Be6 29. Qd6 Qxd6 30. Rxd6 R4a6 31. Rbd2 Ne8 32. Rd8 Rxd8 33. Rxd8 Kf7 34. Rd2 Ke7 35. Ne1 Nd6 36. f3 Ra3 37. Rc2 Nd7 38. Nd3 Nb6 39. Nc5 Bf7 40. g4 Na4 41. Nxa4 bxa4 42. Kf2 Bb3 43. Rb2 Ra1 44. c4 Rc1 45. b5 cxb5 46. cxb5 Nb7 47. Ke2 Na5 48. Kd2 Ra1 49. Kc3 Kd7 50. Kb4 Nb7 51. Bc4 Re1 52. Nd5 Bxc4 53. Kxc4 Rc1+ 54. Kb4 Kd6 55. Nxf6 Nc5 56. Rd2+ Ke6 57. Nxh7 Nb3 58. Rd5 Rc7 59. Nf8+ Kf7 60. Rd7+ Rxd7 61. Nxd7 Ke6 62. h6 1-0

[Event "Oberliga Ost-A 1011"]
[Site "Germany"]
[Date "2010.12.12"]
[Round "4.2"]
[White "Schuster, Martin"]
[Black "Schirrmeister, Ralf"]
[Result "1/2-1/2"]
[WhiteElo "2230"]
[BlackElo "2234"]
[PlyCount "58"]
[EventDate "2010.10.24"]
[EventType "team-tourn"]
[EventRounds "11"]
[EventCountry "GER"]
[SourceTitle "EXT 2012"]
[Source "ChessBase"]
[SourceDate "2011.11.24"]
[SourceVersion "1"]
[SourceVersionDate "2011.11.24"]
[SourceQuality "1"]
[WhiteTeam "Loeberitz"]
[BlackTeam "Leipzig Lok"]
[WhiteTeamCountry "GER"]
[BlackTeamCountry "GER"]

1. d4 d6 2. c4 e5 3. Nc3 Nd7 4. b3 c6 5. Bb2 Be7 6. g3 Ngf6 7. Bg2 0-0 8. e3 Re8 9. Nge2 Qc7 10. 0-0 Rb8 11. Rc1 Bf8 12. Qc2 b5 13. cxb5 cxb5 14. dxe5 dxe5 15. Nd5 Qxc2 16. Rxc2 b4 17. Nc7 Re7 18. Rd1 a5 19. h3 Bb7 20. Bxb7 Rxb7 21. Nd5 Re8 22. Nxf6+ Nxf6 23. g4 Rd7 24. Rxd7 Nxd7 25. Ng3 Nc5 26. Rd2 f6 27. Kg2 Ra8 28. Ne2 Be7 29. f4 exf4 1/2-1/2

[Event "Oberliga Ost-A 0910"]
[Site "Germany"]
[Date "2010.03.21"]
[Round "9.2"]
[White "Schirrmeister, Ralf"]
[Black "Hellwig, Tobias"]
[Result "1/2-1/2"]
[WhiteElo "2221"]
[BlackElo "2118"]
[PlyCount "88"]
[EventDate "2009.10.18"]
[EventType "team-tourn"]
[EventRounds "11"]
[EventCountry "GER"]
[SourceTitle "EXT 2011"]
[Source "ChessBase"]
[SourceDate "2010.11.26"]
[SourceVersion "1"]
[SourceVersionDate "2010.11.26"]
[SourceQuality "1"]
[WhiteTeam "Leipzig Lok II"]
[BlackTeam "Jena Schott"]
[WhiteTeamCountry "GER"]
[BlackTeamCountry "GER"]

1. Nf3 Nf6 2. b3 d5 3. Bb2 e6 4. e3 Be7 5. Be2 0-0 6. 0-0 c5 7. c4 Nc6 8. d4 Ne4 9. dxc5 Bf6 10. Qc2 Nb4 11. Qc1 dxc4 12. Bxc4 Nxc5 13. Bxf6 Qxf6 14. Qc3 Ne4 15. Qxb4 Qxa1 16. Bd3 Nxf2 17. Rxf2 Rd8 18. Qe7 Qf6 19. Bxh7+ Kh8 20. Qxf6 gxf6 21. Bc2 Bd7 22. Nbd2 Rac8 23. Ne4 Kg7 24. Ne1 f5 25. Nd6 Rc3 26. Rd2 Rc7 27. e4 fxe4 28. Bxe4 Rb8 29. g4 Bc6 30. Bxc6 Rxc6 31. Kf2 Kf8 32. Nf3 Rd8 33. Nxb7 Rxd2+ 34. Nxd2 Rc2 35. Ke2 Rxa2 36. h4 Kg7 37. Nd6 f6 38. N6e4 f5 39. gxf5 exf5 40. Ng3 Kg6 41. Kd3 f4 42. Ne2 Kf5 43. Nd4+ Kg4 44. N2f3 Ra6 1/2-1/2

[Event "Oberliga Ost-A 0809"]
[Site "Germany"]
[Date "2009.03.15"]
[Round "9.4"]
[White "Middelhoff, Cornelius"]
[Black "Schirrmeister, Ralf"]
[Result "1-0"]
[WhiteElo "2159"]
[BlackElo "2231"]
[PlyCount "75"]
[EventDate "2008.10.12"]
[EventType "team-tourn"]
[EventRounds "11"]
[EventCountry "GER"]
[SourceTitle "EXT 2010"]
[Source "ChessBase"]
[SourceDate "2010.11.25"]
[SourceVersion "1"]
[SourceVersionDate "2010.11.25"]
[SourceQuality "1"]
[WhiteTeam "Jena Jenapharm"]
[BlackTeam "Leipzig Lok II"]
[WhiteTeamCountry "GER"]
[BlackTeamCountry "GER"]

1. e4 d6 2. d4 Nf6 3. Nc3 e5 4. Nf3 Nbd7 5. Bc4 Be7 6. 0-0 0-0 7. Re1 c6 8. a4 a5 9. h3 exd4 10. Nxd4 Nc5 11. Ba2 Kh8 12. Qf3 Be6 13. Bxe6 fxe6 14. Qe2 Qc7 15. e5 dxe5 16. Qxe5 Bd6 17. Qe2 Rae8 18. Nb3 Nxb3 19. cxb3 Bh2+ 20. Kh1 Bd6 21. Kg1 Bh2+ 22. Kh1 Bd6 23. Be3 Nd5 24. Ne4 Nxe3 25. Qxe3 Bb4 26. Nc3 Qf4 27. Kg1 Qf5 28. Re2 Bc5 29. Qg3 Rf6 30. Ne4 Rg6 31. Qc3 Bb4 32. Qd3 Qd5 33. Qc2 Rd8 34. Re3 Kg8 35. Rf1 e5 36. Kh1 b6 37. Qc4 h6 38. Rd1 1-0

[Event "Oberliga Ost-A 0708"]
[Site "Germany"]
[Date "2008.01.19"]
[Round "6.4"]
[White "Will, Matthias"]
[Black "Schirrmeister, Ralf"]
[Result "0-1"]
[WhiteElo "2058"]
[BlackElo "2230"]
[PlyCount "68"]
[EventDate "2007.09.23"]
[EventType "team-tourn"]
[EventRounds "11"]
[EventCountry "GER"]
[SourceTitle "EXT 2009"]
[Source "ChessBase"]
[SourceDate "2008.11.26"]
[SourceVersion "1"]
[SourceVersionDate "2008.11.26"]
[SourceQuality "1"]
[WhiteTeam "Naumburg"]
[BlackTeam "Leipzig Lok II"]
[WhiteTeamCountry "GER"]
[BlackTeamCountry "GER"]

1. d4 d6 2. Nf3 Bg4 3. Bf4 Nf6 4. Nbd2 c5 5. e3 Nc6 6. Be2 e6 7. c3 cxd4 8. exd4 Be7 9. h3 Bh5 10. 0-0 0-0 11. Re1 a6 12. a4 Re8 13. Nc4 d5 14. Nce5 Nxe5 15. Nxe5 Bxe2 16. Qxe2 Ne4 17. f3 Nd6 18. g4 Rc8 19. Qd2 Nc4 20. Nxc4 Rxc4 21. b3 Rc6 22. Rac1 Qb6 23. Qb2 Rec8 24. Re2 Qd8 25. c4 Bf6 26. Be5 Bxe5 27. dxe5 dxc4 28. bxc4 Rxc4 29. Rxc4 Rxc4 30. Rd2 Qa5 31. Kg2 g6 32. Kg3 Rb4 33. Rd8+ Kg7 34. Qd2 Rxa4 0-1

[Event "Oberliga Ost-A 0708"]
[Site "Germany"]
[Date "2007.12.09"]
[Round "5.3"]
[White "Richter, Maik"]
[Black "Schirrmeister, Ralf"]
[Result "0-1"]
[WhiteElo "2170"]
[BlackElo "2230"]
[PlyCount "70"]
[EventDate "2007.09.23"]
[EventType "team-tourn"]
[EventRounds "11"]
[EventCountry "GER"]
[SourceTitle "EXT 2009"]
[Source "ChessBase"]
[SourceDate "2008.11.26"]
[SourceVersion "1"]
[SourceVersionDate "2008.11.26"]
[SourceQuality "1"]
[WhiteTeam "Ebersbach"]
[BlackTeam "Leipzig Lok II"]
[WhiteTeamCountry "GER"]
[BlackTeamCountry "GER"]

1. e4 d6 2. d4 Nf6 3. f3 e5 4. d5 Be7 5. Be3 c6 6. c4 Bd7 7. Nc3 a6 8. Qd2 Qa5 9. b4 Qc7 10. Bd3 a5 11. dxc6 bxc6 12. b5 cxb5 13. Nxb5 Qd8 14. Ne2 0-0 15. 0-0 Nc6 16. Nec3 Be6 17. Nd5 Bxd5 18. cxd5 Nb4 19. Be2 Nd7 20. a3 Na6 21. Na7 Nac5 22. Nc6 Qe8 23. Rab1 Bd8 24. Rb5 a4 25. Qc2 h6 26. Rb4 Ba5 27. Rb5 Bc7 28. Rb4 Ba5 29. Rb2 Kh8 30. Bb5 Qc8 31. Ne7 Qc7 32. Bxd7 Qxd7 33. Nc6 Nb3 34. Qc4 Rfc8 35. Qb4 Bxb4 0-1

[Event "Oberliga Ost-A 0506"]
[Site "Germany"]
[Date "2006.02.19"]
[Round "8.2"]
[White "Hoepfl, Thomas"]
[Black "Schirrmeister, Ralf"]
[Result "1-0"]
[WhiteElo "2313"]
[BlackElo "2238"]
[PlyCount "45"]
[EventDate "2005.11.13"]
[EventType "team-tourn"]
[EventRounds "11"]
[EventCountry "GER"]
[SourceTitle "EXT 2007"]
[Source "ChessBase"]
[SourceDate "2006.11.23"]
[SourceVersion "1"]
[SourceVersionDate "2006.11.23"]
[SourceQuality "1"]
[WhiteTeam "Halle USV"]
[BlackTeam "Leipzig Lok Mitte II"]
[WhiteTeamCountry "GER"]
[BlackTeamCountry "GER"]

1. e4 d6 2. d4 Nf6 3. Nc3 e5 4. Nge2 Be7 5. f3 c6 6. Be3 b5 7. Qd2 Nbd7 8. g4 Nb6 9. b3 Bb7 10. Ng3 g6 11. 0-0-0 a6 12. dxe5 dxe5 13. Qxd8+ Bxd8 14. Rxd8+ Rxd8 15. Bxb6 Rc8 16. Bc5 Nd7 17. Ba3 f6 18. h4 Kf7 19. h5 Kg7 20. Bh3 Rhe8 21. g5 Rcd8 22. Rd1 Bc8 23. Bb4 1-0

[Event "Oberliga Ost-A 0506"]
[Site "Germany"]
[Date "2005.11.26"]
[Round "2.2"]
[White "Schirrmeister, Ralf"]
[Black "Bores, Miroslav"]
[Result "1/2-1/2"]
[WhiteElo "2238"]
[BlackElo "2221"]
[PlyCount "60"]
[EventDate "2005.11.13"]
[EventType "team-tourn"]
[EventRounds "11"]
[EventCountry "GER"]
[SourceTitle "EXT 2007"]
[Source "ChessBase"]
[SourceDate "2006.11.23"]
[SourceVersion "1"]
[SourceVersionDate "2006.11.23"]
[SourceQuality "1"]
[WhiteTeam "Leipzig Lok Mitte II"]
[BlackTeam "Ebersbach"]
[WhiteTeamCountry "GER"]
[BlackTeamCountry "GER"]

1. Nf3 Nf6 2. b3 c5 3. Bb2 d6 4. g3 e5 5. d3 Nc6 6. Bg2 g6 7. 0-0 Bg7 8. c4 0-0 9. Nc3 a6 10. Qd2 Rb8 11. e3 b5 12. Rfd1 Bg4 13. h3 Bd7 14. Ne4 Ne8 15. Nc3 f5 16. Nd5 Nc7 17. Ng5 Ne6 18. Nxe6 Bxe6 19. f4 h5 20. h4 Ne7 21. Nxe7+ Qxe7 22. Rab1 Rfd8 23. Qe2 bxc4 24. bxc4 Qf7 25. Qc2 exf4 26. exf4 Bxb2 27. Rxb2 Qf6 28. Rxb8 Rxb8 29. Rb1 Qd4+ 30. Kh2 Rxb1 1/2-1/2

[Event "Oberliga Ost-A 0506"]
[Site "Germany"]
[Date "2005.11.13"]
[Round "1.2"]
[White "Schirrmeister, Ralf"]
[Black "Schweitzer, Andreas"]
[Result "1/2-1/2"]
[WhiteElo "2238"]
[BlackElo "2221"]
[PlyCount "25"]
[EventDate "2005.11.13"]
[EventType "team-tourn"]
[EventRounds "11"]
[EventCountry "GER"]
[SourceTitle "EXT 2007"]
[Source "ChessBase"]
[SourceDate "2006.11.23"]
[SourceVersion "1"]
[SourceVersionDate "2006.11.23"]
[SourceQuality "1"]
[WhiteTeam "Leipzig Lok Mitte II"]
[BlackTeam "Coswig"]
[WhiteTeamCountry "GER"]
[BlackTeamCountry "GER"]

1. Nf3 d5 2. c4 c6 3. b3 Nf6 4. Bb2 e6 5. e3 Bd6 6. Be2 Qe7 7. d4 0-0 8. Nbd2 b6 9. 0-0 Bb7 10. Qc2 Na6 11. Rac1 Rac8 12. Qb1 Rc7 13. Rfe1 1/2-1/2

[Event "Oberliga Ost-A 0405"]
[Site "Germany"]
[Date "2005.04.10"]
[Round "11.2"]
[White "Seifert, Volker"]
[Black "Schirrmeister, Ralf"]
[Result "1-0"]
[WhiteElo "2323"]
[BlackElo "2261"]
[PlyCount "69"]
[EventDate "2004.10.10"]
[EventType "team-tourn"]
[EventRounds "11"]
[EventCountry "GER"]
[SourceTitle "EXT 2006"]
[Source "ChessBase"]
[SourceDate "2005.11.24"]
[SourceVersion "1"]
[SourceVersionDate "2005.11.24"]
[SourceQuality "1"]
[WhiteTeam "Dresden SC 1898"]
[BlackTeam "Leipzig Lok II"]
[WhiteTeamCountry "GER"]
[BlackTeamCountry "GER"]

1. d4 d6 2. e4 Nf6 3. f3 e5 4. d5 Be7 5. Be3 0-0 6. Bd3 Ne8 7. Ne2 f5 8. exf5 Bxf5 9. Bxf5 Rxf5 10. 0-0 Nd7 11. c4 Bg5 12. Bf2 Rf7 13. Nbc3 Bh6 14. Ng3 g6 15. Nge4 Nef6 16. Bh4 Qf8 17. Bxf6 Nxf6 18. Nxf6+ Rxf6 19. Qd3 Qe7 20. Ne4 Rf5 21. b4 Raf8 22. c5 Rd8 23. Rf2 Qf7 24. cxd6 cxd6 25. Rc2 Qd7 26. a4 Rf7 27. Raa2 Qe7 28. Ra3 Qh4 29. Qe2 Bf8 30. Rac3 h6 31. b5 Kg7 32. Rc1 Rdd7 33. Rc8 Rd8 34. R8c4 Rdd7 35. Nxd6 1-0

[Event "Oberliga Ost-A 0405"]
[Site "Germany"]
[Date "2005.01.15"]
[Round "6.2"]
[White "Kastner, Peter"]
[Black "Schirrmeister, Ralf"]
[Result "1/2-1/2"]
[WhiteElo "2195"]
[BlackElo "2261"]
[PlyCount "25"]
[EventDate "2004.10.10"]
[EventType "team-tourn"]
[EventRounds "11"]
[EventCountry "GER"]
[SourceTitle "EXT 2006"]
[Source "ChessBase"]
[SourceDate "2005.11.24"]
[SourceVersion "1"]
[SourceVersionDate "2005.11.24"]
[SourceQuality "1"]
[WhiteTeam "Liebschwitz"]
[BlackTeam "Leipzig Lok II"]
[WhiteTeamCountry "GER"]
[BlackTeamCountry "GER"]

1. e4 d6 2. d4 Nf6 3. Nc3 e5 4. dxe5 dxe5 5. Qxd8+ Kxd8 6. Nf3 Bd6 7. Bc4 Be6 8. Bxe6 fxe6 9. Be3 Ke7 10. a3 Nbd7 11. h3 Rhd8 12. 0-0-0 a6 13. Nd2 1/2-1/2

[Event "Oberliga Ost-A 0304"]
[Site "Germany"]
[Date "2004.03.28"]
[Round "9.2"]
[White "Schirrmeister, Ralf"]
[Black "Gerhardt, Frank"]
[Result "1-0"]
[WhiteElo "2250"]
[BlackElo "2140"]
[PlyCount "58"]
[EventDate "2003.11.02"]
[EventType "team-tourn"]
[EventRounds "11"]
[EventCountry "GER"]
[SourceTitle "EXT 2005"]
[Source "ChessBase"]
[SourceDate "2004.11.15"]
[SourceVersion "1"]
[SourceVersionDate "2004.11.15"]
[SourceQuality "1"]
[WhiteTeam "Leipzig Lok II"]
[BlackTeam "Liebschwitz"]
[WhiteTeamCountry "GER"]
[BlackTeamCountry "GER"]

1. d4 Nf6 2. Nf3 g6 3. Nc3 Bg7 4. e4 d6 5. Be2 0-0 6. 0-0 c6 7. a4 Qc7 8. h3 Nbd7 9. Be3 e5 10. dxe5 dxe5 11. Qd2 Re8 12. Rad1 Nf8 13. Qd6 Qxd6 14. Rxd6 Ne6 15. Rfd1 Nh5 16. Bc4 Bf8 17. R6d2 f6 18. Kh2 Be7 19. Ne2 Kh8 20. c3 Nhg7 21. a5 Rd8 22. b4 Rxd2 23. Rxd2 Kg8 24. g3 Kf8 25. Kg2 Ke8 26. Rd1 Nc7 27. Bg8 h5 28. Bh6 Be6 29. Bh7 Bf7 1-0

[Event "Oberliga Ost-A 0304"]
[Site "Germany"]
[Date "2004.03.07"]
[Round "8.2"]
[White "Vasilevich, Tatjana"]
[Black "Schirrmeister, Ralf"]
[Result "1/2-1/2"]
[WhiteElo "2425"]
[BlackElo "2250"]
[PlyCount "159"]
[EventDate "2003.11.02"]
[EventType "team-tourn"]
[EventRounds "11"]
[EventCountry "GER"]
[SourceTitle "EXT 2005"]
[Source "ChessBase"]
[SourceDate "2004.11.15"]
[SourceVersion "1"]
[SourceVersionDate "2004.11.15"]
[SourceQuality "1"]
[WhiteTeam "Aue Nickelhuette"]
[BlackTeam "Leipzig Lok II"]
[WhiteTeamCountry "GER"]
[BlackTeamCountry "GER"]

1. d4 d6 2. Nf3 Bg4 3. e4 Nf6 4. Nc3 c6 5. Be2 Nbd7 6. 0-0 e5 7. Be3 Be7 8. Qd2 0-0 9. Rad1 Qc7 10. Rfe1 b5 11. a3 a6 12. h3 Bxf3 13. Bxf3 Nb6 14. b3 Rfd8 15. Qe2 c5 16. d5 Rdb8 17. Rc1 Qd7 18. Kh2 b4 19. axb4 cxb4 20. Na2 a5 21. c3 bxc3 22. Rxc3 Bd8 23. Rec1 Nc8 24. Qc2 h6 25. Be2 Na7 26. f3 Qe7 27. Qd1 Ne8 28. Qg1 Nb5 29. Bxb5 Rxb5 30. R1c2 Qb7 31. Nc1 Bb6 32. Rc6 Rb8 33. Bxb6 Rxb6 34. Qe1 Rb4 35. Qe2 Kf8 36. Qa6 Ra8 37. Qd3 Rd4 38. Qe2 Rb4 39. R2c3 Rb8 40. Qc2 Qb5 41. Qf2 Qb7 42. Qe3 Qe7 43. Ra6 Qd8 44. Rc2 R4b5 45. Rac6 Ra8 46. R2c4 Rb7 47. Qc3 Qd7 48. Ne2 Rab8 49. Qxa5 Rxb3 50. Ng3 Qe7 51. Qd2 Qa7 52. Nf5 Rb1 53. Rc8 Qd7 54. Rxb8 Rxb8 55. Qc1 h5 56. Rc6 Kg8 57. Qa3 Rd8 58. Ne3 g6 59. Nc4 Qe7 60. Qe3 Qf6 61. Qf2 Kg7 62. h4 Ra8 63. Qg3 Rd8 64. Qg5 Qxg5 65. hxg5 Rd7 66. g3 Kf8 67. Kg2 Ke7 68. Kf2 Rc7 69. Rxc7+ Nxc7 70. Ke3 Nb5 71. f4 exf4+ 72. Kxf4 Nc3 73. Ke3 Nb5 74. e5 dxe5 75. Nxe5 Kd6 76. Nxf7+ Kxd5 77. Nh8 Ke5 78. Nxg6+ Kf5 79. Nf4 Kxg5 80. Nxh5 1/2-1/2

[Event "Oberliga Ost-A 0304"]
[Site "Germany"]
[Date "2004.02.14"]
[Round "6.2"]
[White "Escher, Thomas"]
[Black "Schirrmeister, Ralf"]
[Result "1/2-1/2"]
[WhiteElo "2211"]
[BlackElo "2250"]
[PlyCount "50"]
[EventDate "2003.11.02"]
[EventType "team-tourn"]
[EventRounds "11"]
[EventCountry "GER"]
[SourceTitle "EXT 2005"]
[Source "ChessBase"]
[SourceDate "2004.11.15"]
[SourceVersion "1"]
[SourceVersionDate "2004.11.15"]
[SourceQuality "1"]
[WhiteTeam "Coswig"]
[BlackTeam "Leipzig Lok II"]
[WhiteTeamCountry "GER"]
[BlackTeamCountry "GER"]

1. e4 d6 2. d4 Nf6 3. Nc3 e5 4. Nf3 Nbd7 5. Bc4 Be7 6. 0-0 0-0 7. Bb3 c6 8. Bg5 Ng4 9. Bd2 Ngf6 10. Qe2 a5 11. a4 exd4 12. Nxd4 Nc5 13. Ba2 Re8 14. Qc4 Nfxe4 15. Qxf7+ Kh8 16. Nxe4 Nxe4 17. Be3 d5 18. c4 Nf6 19. Ne6 Bxe6 20. Qxe6 Bc5 21. Qh3 Bxe3 22. fxe3 Qe7 23. cxd5 Nxd5 24. Bxd5 cxd5 25. Rad1 Rad8 1/2-1/2

[Event "Oberliga Ost-A 0304"]
[Site "Germany"]
[Date "2004.01.18"]
[Round "5.2"]
[White "Schirrmeister, Ralf"]
[Black "Niering, Martin"]
[Result "1-0"]
[WhiteElo "2250"]
[BlackElo "2221"]
[PlyCount "78"]
[EventDate "2003.11.02"]
[EventType "team-tourn"]
[EventRounds "11"]
[EventCountry "GER"]
[SourceTitle "EXT 2005"]
[Source "ChessBase"]
[SourceDate "2004.11.15"]
[SourceVersion "1"]
[SourceVersionDate "2004.11.15"]
[SourceQuality "1"]
[WhiteTeam "Leipzig Lok II"]
[BlackTeam "Magdeburg Rochade"]
[WhiteTeamCountry "GER"]
[BlackTeamCountry "GER"]

1. d4 d6 2. e4 Nf6 3. Nc3 g6 4. Nf3 Bg7 5. Be2 0-0 6. 0-0 c6 7. a4 Nbd7 8. h3 e5 9. dxe5 dxe5 10. Bg5 Qc7 11. Qd2 Re8 12. Rad1 Nc5 13. Qe3 Ne6 14. Bc4 Nh5 15. Bh6 Nhf4 16. Bxg7 Nxg7 17. Qc5 Qb6 18. Qxb6 axb6 19. Rd6 Ngh5 20. Rfd1 Kf8 21. Kh2 h6 22. g4 Ng7 23. Kg3 Nfe6 24. Nxe5 Ng5 25. f4 Rxe5 26. fxe5 N5e6 27. b4 Ke7 28. b5 Ne8 29. bxc6 bxc6 30. Rxc6 Bd7 31. Rxb6 Rc8 32. Nd5+ Kf8 33. Bb3 Nc5 34. Rd4 Ra8 35. Nf6 Bxa4 36. Bxa4 Nxa4 37. Rc6 Nb2 38. Rd7 g5 39. Nxe8 Kxe8 1-0

[Event "Oberliga Ost-A 0304"]
[Site "Germany"]
[Date "2003.11.23"]
[Round "3.2"]
[White "Schirrmeister, Ralf"]
[Black "Hoepfl, Thomas"]
[Result "1/2-1/2"]
[WhiteElo "2250"]
[BlackElo "2291"]
[PlyCount "41"]
[EventDate "2003.11.02"]
[EventType "team-tourn"]
[EventRounds "11"]
[EventCountry "GER"]
[SourceTitle "EXT 2005"]
[Source "ChessBase"]
[SourceDate "2004.11.15"]
[SourceVersion "1"]
[SourceVersionDate "2004.11.15"]
[SourceQuality "1"]
[WhiteTeam "Leipzig Lok II"]
[BlackTeam "Halle USV"]
[WhiteTeamCountry "GER"]
[BlackTeamCountry "GER"]

1. Nf3 Nf6 2. g3 g6 3. Bg2 Bg7 4. 0-0 0-0 5. d3 d6 6. e4 c5 7. Nc3 Nc6 8. h3 Rb8 9. a4 a6 10. Bg5 h6 11. Be3 b5 12. axb5 axb5 13. Qc1 Kh7 14. e5 Nxe5 15. Nxe5 dxe5 16. Bxc5 Bb7 17. Ne4 Qc7 18. Nxf6+ Bxf6 19. Bxb7 Qxc5 20. Be4 Rfc8 21. c3 1/2-1/2